Programming VB.NET A Guide for Experienced Programmers (Record no. 172)

MARC details
000 -LEADER
fixed length control field 00471nam a22001697a 4500
005 - DATE AND TIME OF LATEST TRANSACTION
control field 20210910123035.0
008 - FIXED-LENGTH DATA ELEMENTS--GENERAL INFORMATION
fixed length control field 160428b xxu||||| |||| 00| 0 eng d
020 ## - INTERNATIONAL STANDARD BOOK NUMBER
ISBN 1-89311535-6
041 ## - LANGUAGE CODE
Language code of text/sound track or separate title eng
082 ## - DEWEY DECIMAL CLASSIFICATION NUMBER
Item number 00601
Classification number 005.133
100 ## - MAIN ENTRY--AUTHOR NAME
Personal name Cornell, Gary ans Morrison, jonathan
245 ## - TITLE STATEMENT
Title Programming VB.NET A Guide for Experienced Programmers
260 ## - PUBLICATION, DISTRIBUTION, ETC. (IMPRINT)
Name of publisher www.apress.com appress
Year of publication 2002
300 ## - PHYSICAL DESCRIPTION
Number of Pages 500
650 ## - SUBJECT ADDED ENTRY--TOPICAL TERM
Topical Term Information Technology
942 ## - ADDED ENTRY ELEMENTS (KOHA)
Koha item type Books
Holdings
Lost status Damaged status Collection code Home library Current library Shelving location Date acquired Cost, normal purchase price Full call number Accession Number Koha item type
    CS/IT JRU Library JRU Library SHELF-50-D 28/04/2016 299.00 005.133 00601 Books
    CS/IT JRU Library JRU Library SHELF-50-F 28/04/2016 299.00 005.133 00602 Books
    CS/IT JRU Library JRU Library SHELF-50-F 28/04/2016 299.00 005.133 00603 Books